|
|
|
|
| LEADER |
00000nas a2200000 i 4500 |
| 001 |
ssj0000991600 |
| 003 |
WaSeSS |
| 005 |
20200512172242.0 |
| 006 |
m d |
| 007 |
cr n |
| 008 |
130107c20139999mnumr p s 0 a0eng |
| 010 |
|
|
|a 2013200054
|
| 022 |
|
|
|a 2326-070X
|y 2326-0688
|
| 035 |
|
|
|a (WaSeSS)ssj0000991600
|
| 037 |
|
|
|b Advanstar Communications, Inc., 131 West First St., Duluth, MN 55802
|
| 040 |
|
|
|a DLC
|b eng
|c DLC
|d DLC
|d OCLCQ
|d TXA
|d OCLCF
|d DLC
|d OCLCO
|d AU@
|d WaSeSS
|
| 042 |
|
|
|a pcc
|a nsdp
|
| 082 |
1 |
0 |
|a 636.089
|2 23
|
| 222 |
|
0 |
|a DVM360
|b (Online)
|
| 245 |
0 |
0 |
|a DVM360
|h [electronic resource].
|
| 260 |
|
|
|a [Duluth, MN] :
|b Advanstar Communications, Inc.,
|c [2013]-
|
| 310 |
|
|
|a Monthly
|
| 362 |
1 |
|
|a Began with: Volume 44, number 1 (January 2013).
|
| 506 |
|
|
|a License restrictions may limit access.
|
| 588 |
|
|
|a Description based on: Volume 44, number 1 (January 2013); title from PDF article running title (ProQuest, viewed Nov. 15, 2013).
|
| 588 |
|
|
|a Latest issue consulted: Volume 44, number 12 (December 2013) (ProQuest, viewed Feb. 20, 2014).
|
| 650 |
|
0 |
|a Veterinary medicine
|v Periodicals.
|
| 650 |
|
7 |
|a Veterinary medicine.
|2 fast
|0 (OCoLC)fst01165977
|
| 655 |
|
0 |
|a Electronic journals.
|
| 776 |
0 |
8 |
|i Print version:
|t DVM360
|x 2326-0688
|w (DLC) 2013200053
|w (OCoLC)823508270
|
| 780 |
0 |
0 |
|t DVM (Online)
|x 2150-6566
|w (DLC) 2009204363
|w (OCoLC)49633490
|
| 856 |
4 |
0 |
|z Full text available from Research Library: 06/01/1998 to present
|u https://search.proquest.com/publication/29742
|